LEADER 00608nam a2200193 i 4500 001 000000253699 003 CaOOAMICUS 005 20170410000000.0 008 170410s1842 it u000 u fre u 013 $a232604 040 $aSeMil$bita 245 10$aTome 7. 300 $a424 p. 773 0 $aMichelet, Jules <1798-1874>$tHistoire de France.$dBruxelles : Hauman & C., 1834-1844.$g7$w()12772 850 $aSeMil 852 $aSeMil$W1$xVenegono$y1$m3T I 63 FA$j204045$B204045$CSeMilBibl$Z2$F217463 $8I 941 1 $a10 961 $aRecupero: Mantegazza 996 $6245$aTome 7$9(OLS)http://semarc/title/1606 LEADER 00728naa a2200145 i 4500 001 000000297526 003 CaOOAMICUS 005 20180831172606.0 008 180831n xx u000 u und u 013 $a5051 040 $aSeMil$bita 100 1 $aGahbauer, Ferdinand R. .$0(OLS)http://semarc/name/95202 245 14$aDer orthodox-katholische Dialog seit dem Zweiten Vatikanischen Konzil :$bGegenseitiges Bemühen um Annäherung. 773 0 $aKarrer, Leo <1937-2021>$tPfarrei in der Postmoderne?.$dFreiburg ; Basel ; Wien : Herder, copyr. 1997.$z3-451-26242-8$w()58568 996 $6245$aDer orthodox-katholische Dialog seit dem Zweiten Vatikanischen Konzil :$bGegenseitiges Bemühen um Annäherung$9(OLS)http://semarc/title/373557